| 000 | 01125cab a2200217 4500 | ||
|---|---|---|---|
| 001 | E86877 | ||
| 008 | 090401t1997 xxu||||| |||| 00| 0 eng d | ||
| 035 | _a(Sirsi) u81274 | ||
| 041 | _aeng | ||
| 245 | _aDew Group Ltd v Costain Building & Civil Engineering Ltd | ||
| 260 | _c1997 | ||
| 350 | _a0 | ||
| 490 |
_aScots Law Times _v1997 SLT 1020-1025(6) |
||
| 520 | _aOuter House. 8 November 1996. Arbitration - arbitration clause - construction - parties agreeing to approach a potential candidate to act as arbiter - whether effeective agreement reached to go to arbitration. Arbitration - arbiter - agreement bwtween partiess as to indentity of arbiter - whether concluded agreement reached - acceptance of other party`s nominee "provided he was willing and available to act" - subsequent alternative proposal by accepting parry in view of nominee`s commitments. | ||
| 650 | _aARBITER | ||
| 650 | _aMANAGEMENT-DISPUTE AVOIDANCE, MANAGEMENT AND RESOLUTION-DISPUTE MANAGEMENT AND RESOLUTION-ARBITRATION | ||
| 650 | _aCONSTRUCTION ARBITRATIONS | ||
| 690 | _aARBITRATION-CASE LAW | ||
| 942 | _n0 | ||
| 948 | _c06/10/1997 | ||
| 999 |
_c51212 _d51212 |
||